Catálogo
 En Linea

Golpe y revolución : (Registro nro. 19364)

Detalles MARC
000 -CABECERA
campo de control de longitud fija 01833nam a2200301 i 4500
001 - NÚMERO DE CONTROL
campo de control 000019851
003 - IDENTIFICADOR DEL NÚMERO DE CONTROL
campo de control DO-SdBNP
005 - FECHA Y HORA DE LA ÚLTIMA TRANSACCIÓN
campo de control 20250621074006.0
007 - CAMPO FIJO DE DESCRIPCIÓN FÍSICA--INFORMACIÓN GENERAL
campo de control de longitud fija ta
008 - DATOS DE LONGITUD FIJA--INFORMACIÓN GENERAL
campo de control de longitud fija 100120s2000 dr 000 0 spa d
020 ## - NÚMERO INTERNACIONAL ESTÁNDAR DEL LIBRO
Número Internacional Estándar del Libro 9993400475
040 ## - FUENTE DE LA CATALOGACIÓN
Centro catalogador/agencia de origen DO-SdBNP
Lengua de catalogación spa
Centro/agencia transcriptor BNPHU
Normas de descripción rda
082 #4 - NÚMERO DE LA CLASIFICACIÓN DECIMAL DEWEY
Número de clasificación 972.93054
Número de documento/Ítem G861g
Número de edición 22
100 1# - ENTRADA PRINCIPAL--NOMBRE DE PERSONA
Nombre de persona Grimaldi, Víctor,
Fechas asociadas al nombre 1949-
Término indicativo de función/relación autor
Código de función/relación aut.
9 (RLIN) 1699
245 10 - MENCIÓN DE TÍTULO
Título Golpe y revolución :
Resto del título el derrocamiento de Juan Bosch y la intervención norteamericana /
Mención de responsabilidad, etc. Víctor Grimaldi.
264 #4 - PRODUCCIÓN, PUBLICACIÓN, DISTRIBUCIÓN, FABRICACIÓN Y COPYRIGHT
Producción, publicación, distribución, fabricación y copyright Santo Domingo :
Nombre del de productor, editor, distribuidor, fabricante Editora Corripio,
Fecha de producción, publicación, distribución, fabricación o copyright 2000.
300 ## - DESCRIPCIÓN FÍSICA
Extensión 501 páginas :
Otras características físicas ilustraciones, retratos ;
Dimensiones 23 cm.
336 ## - TIPO DE CONTENIDO
Término de tipo de contenido texto
Código de tipo de contenido txt
Fuente rdacontent
337 ## - TIPO DE MEDIO
Nombre/término del tipo de medio sin mediación
Código del tipo de medio n
Fuente rdamedia
338 ## - TIPO DE SOPORTE
Nombre/término del tipo de soporte volumen
Código del tipo de soporte nc
Fuente rdacarrier
504 ## - NOTA DE BIBLIOGRAFÍA, ETC.
Nota de bibliografía, etc. Bibliografía : páginas 491- 498
505 0# - NOTA DE CONTENIDO CON FORMATO
Nota de contenido con formato Cronología de los hechos--
Título Prólogo --
-- Un encuentro entre dos presidentes --
-- La embajada evalúa el gobierno de Bosch --
-- El Caribe en la Guerra fría --
-- Trujillo y Haití en el destino dominicano --
-- Las conspiraciones de Kennedy --
-- Geopolíticas y golpe de estado --
-- El final del triunvirato --
-- Más informes de inteligencia --
-- Cómo Wessin se entera de la revuelta --
-- Estados Unidos contra Juan Bosch --
-- Cuando Trujillo era jefe en 1961 --
-- Muchos muertos y heridos --
-- Aislamientos y huidas --
-- El 28 de abril --
-- Para evitar otro Vietnam --
-- John B. Martin, el divisionista --
-- Wessin atropellado --
-- Maniobras en Washington --
-- La CIA y los comunistas --
-- La lista era de 83--
-- Informes de Berry e Imbert --
-- El insomnio de Johnson.
590 ## - NOTA LOCAL (RLIN)
Nota local Inventariado, 2019/MFF
651 #0 - PUNTO DE ACCESO ADICIONAL DE MATERIA--NOMBRE GEOGRÁFICO
Nombre geográfico República Dominicana
Subdivisión general Política y gobierno
9 (RLIN) 45
651 #4 - PUNTO DE ACCESO ADICIONAL DE MATERIA--NOMBRE GEOGRÁFICO
Nombre geográfico República Dominicana
Subdivisión general Historia
Subdivisión cronológica Golpe de Estado, 1963
9 (RLIN) 34712
910 ## - DATOS DE OPCIÓN DEL USUARIO (OCLC)
Datos de opción del usuario Validado. Control de calidad MMOLINA
942 ## - ELEMENTOS DE PUNTO DE ACCESO ADICIONAL (KOHA)
Fuente del sistema de clasificación o colocación Dewey Decimal Classification
Tipo de ítem Koha Libro
Existencias
Estado de retiro Estado de pérdida Fuente del sistema de clasificación o colocación Restricciones de uso No para préstamo Código de colección Localización permanente Ubicación/localización actual Ubicación en estantería Fecha de adquisición Total de préstamos Signatura topográfica completa Código de barras Fecha visto por última vez Precio válido a partir de Tipo de ítem Koha Fuente de adquisición Número de copia Nota pública
    Dewey Decimal Classification Excluido de préstamo   Patrimonio Dominicano Biblioteca Nacional Pedro Henríquez Ureña Biblioteca Nacional Pedro Henríquez Ureña Depósito 08.07.2010   BNPHU PD 972.93054 G861g 19851-10 25.06.2020 25.06.2020 Libro      
    Dewey Decimal Classification Excluido de préstamo   Patrimonio Dominicano Biblioteca Nacional Pedro Henríquez Ureña Biblioteca Nacional Pedro Henríquez Ureña Depósito 31.07.2019   BNPHU PD 972.93054 G861g 19851-20 25.06.2020 25.06.2020 Libro Donado por la Presidencia de la República Dominicana 2023. e.2 Perteneció a la biblioteca personal de Emilio Cordero Michel.
    Dewey Decimal Classification Préstamo en sala   Dominicana de Servicio Biblioteca Nacional Pedro Henríquez Ureña Biblioteca Nacional Pedro Henríquez Ureña Depósito 02.06.2021   BNPHU DS 972.93054 G861g 2021-1897 02.06.2021 02.06.2021 Libro Donado por CERTV e.3  

Con tecnología Koha